Normal view MARC view

Entry Personal Name

Number of records used in: 1

001 - CONTROL NUMBER

  • control field: 8253

003 - CONTROL NUMBER IDENTIFIER

  • control field: TZ-ArACH

005 - DATE AND TIME OF LATEST TRANSACTION

  • control field: 20130130151509.0

008 - FIXED-LENGTH DATA ELEMENTS

  • fixed length control field: 130130|||a|||||| | ||| d

040 ## - CATALOGING SOURCE

  • Original cataloging agency: TZ-ArACH
  • Transcribing agency: TZ-ArACH

100 ## - HEADING--PERSONAL NAME

  • Personal name: Stewart, Ann.

670 ## - SOURCE DATA FOUND

  • Source citation: Work cat.: (TZ-ArACH)1946: Gender, law, and social justice :, 2000.

670 ## - SOURCE DATA FOUND

  • Source citation: Work cat.: (TZ-ArACH)1946: Gender, law, and social justice :, 2000.

African Court on Human and Peoples' Rights | For Inquiries Contact » +255 272 510 510